Normal view
MARC view
- Armor
Entry Topical Term
001 - CONTROL NUMBER
- control field: 83720
003 - CONTROL NUMBER IDENTIFIER
- control field: NUST
005 - DATE AND TIME OF LATEST TRANSACTION
- control field: 20211108163033.0
008 - FIXED-LENGTH DATA ELEMENTS
- fixed length control field: 211108|| aca||aabn | a|a d
040 ## - CATALOGING SOURCE
- Original cataloging agency: NUST
- Transcribing agency: NUST
150 ## - HEADING--TOPICAL TERM
- Topical term or geographic name entry element: Armor
- General subdivision: Materials
670 ## - SOURCE DATA FOUND
- Source citation: Work cat.: (NUST)33996: Hazell, Paul J. 83717, Armour :
